000 01050cam a22001935a 4500
001 L159094
008 160118s2016 xxk f 000 0 eng d
035 _a(Sirsi) u159094
041 0 _aeng
110 2 _aUnited Kingdom
_bDepartment for Environment, Food and Rural Affairs
245 0 0 _aMarine Conservation Zones: Update
_bJanuary 2016
260 _c2016
520 _aTwenty-three new areas along the UK coast announced as the latest Marine Conservation Zones (MCZ). The new MCZ's will cover areas all across the country and will protect 45 different types of habitat and geological features. The 23 additional sites are the second of three planned phases of MCZs, a third phase of proposed MCZ's will be put out to wider public consultation in 2017, and designated in 2018.
590 _aKA
651 4 _aEngland and Wales
_y1543-
690 _aEnvironment
_96238
856 4 0 _uhttps://www.gov.uk/government/uploads/system/uploads/attachment_data/file/492784/mcz-update-jan-2016.pdf
_zView the item free of charge at www.gov.uk
942 _n0
999 _c115670
_d115670